Häresie und Vorzeitige Reformation Im Spätmittelalter.

Bibliographic Details
Main Author: Smahel, Frantisek.
Format: eBook
Language:German
Published: Berlin/München/Boston : Walter de Gruyter GmbH, 1998.
Edition:1st ed.
Series:Schriften des Historischen Kollegs Series
Subjects:
Online Access:Click to View
LEADER 01627nam a22003853i 4500
001 EBC7015082
003 MiAaPQ
005 20231204023225.0
006 m o d |
007 cr cnu||||||||
008 231204s1998 xx o ||||0 ger d
020 |a 9783486594379  |q (electronic bk.) 
020 |z 9783486562590 
035 |a (MiAaPQ)EBC7015082 
035 |a (Au-PeEL)EBL7015082 
035 |a (OCoLC)1202547006 
040 |a MiAaPQ  |b eng  |e rda  |e pn  |c MiAaPQ  |d MiAaPQ 
082 0 |a 270.6 
100 1 |a Smahel, Frantisek. 
245 1 0 |a Häresie und Vorzeitige Reformation Im Spätmittelalter. 
250 |a 1st ed. 
264 1 |a Berlin/München/Boston :  |b Walter de Gruyter GmbH,  |c 1998. 
264 4 |c {copy}1998. 
300 |a 1 online resource (332 pages) 
336 |a text  |b txt  |2 rdacontent 
337 |a computer  |b c  |2 rdamedia 
338 |a online resource  |b cr  |2 rdacarrier 
490 1 |a Schriften des Historischen Kollegs Series ;  |v v.39 
588 |a Description based on publisher supplied metadata and other sources. 
590 |a Electronic reproduction. Ann Arbor, Michigan : ProQuest Ebook Central, 2023. Available via World Wide Web. Access may be limited to ProQuest Ebook Central affiliated libraries.  
655 4 |a Electronic books. 
776 0 8 |i Print version:  |a Smahel, Frantisek  |t Häresie und Vorzeitige Reformation Im Spätmittelalter  |d Berlin/München/Boston : Walter de Gruyter GmbH,c1998  |z 9783486562590 
797 2 |a ProQuest (Firm) 
830 0 |a Schriften des Historischen Kollegs Series 
856 4 0 |u https://ebookcentral.proquest.com/lib/matrademy/detail.action?docID=7015082  |z Click to View